000
00298nam a2200109 4500
999
_c
13718
_d
13718
008
190402b ||||| |||| 00| 0 eng d
245
_a
Making the home safe for the elderly.
260
_a
Philippines:
_b
Manila Bulletin;
_c
c2018.
300
_a
page 9.
650
0
_9
38135
_a
Elderly.
942
_2
ddc
_c
PER